LEADER 01351nam a2200325 a 4500 001 000000128207 003 CaOOAMICUS 005 20120326110635.0 008 120326s2012 it u000 u ita r 020 $a978-88-598-0741-4 040 $aPUL$bita 082 04$a347.4509 100 1 $aGianniti, Pasquale.$0(OLS)http://pul/name/64095 245 13$aLa mediazione professionale nel sistema degli A. D. R. /$cPasquale Gianniti, Roberto Piccione. 260 $aTorino :$bUTET Giuridica,$c2012. 300 $aXXI, 685 p. ;$c25 cm. 490 1 $aSistemi giuridici 500 $aInclude indice. 504 $aBibliografia: p. 677-682. 650 4$aMediazione (Diritto).$0(OLS)http://pul/subject/18433 700 1 $aPiccione, Roberto.$0(OLS)http://pul/name/81905 830 0$aSistemi giuridici.$0(OLS)http://pul/title/155875 850 $aPUL 852 $aPUL$W1$xSL Diritto e Scienze Sociali 3$y79$m347. 4509 GIAPA 1$j148391$qDDC 21$B146985$CPULBib$Z2$F146985 $H119195 $82 941 1 $a9 996 $6020$a978-88-598-0741-4$9(OLS)http://pul/number/149325 996 $6082$a347.4509$9(OLS)http://pul/classification/1945 996 $6245$aLa mediazione professionale nel sistema degli A. D. R.$9(OLS)http://pul/title/162003 996 $6260$aTorino :$bUTET Giuridica$9(OLS)http://pul/publisher/79191 LEADER 01397nam a2200301 u 4500 001 000000075512 003 CaOOAMICUS 005 20070226123117.0 008 031007s2001 it u000 u ita u 020 $a8870787192 035 $a10972208 040 $aPUL$bita 100 1 $aLiotti, Giovanni.$0(OLS)http://pul/name/50164 245 13$aLe opere della coscienza :$bpsicopatologia e psicoterapia nella prospettiva cognitivo-evoluzionista /$cGiovanni Liotti. 260 $aMilano :$bR. Cortina,$c2001. 300 $axii, 286 p. ;$c23 cm 490 1 $aCollana di psicologia clinica e psicoterapia ;$v139 504 $aContiene indicazioni bibliografiche. 650 4$aPsicoterapia.$0(OLS)http://pul/subject/7249 650 4$aPsicopatologia.$0(OLS)http://pul/subject/2603 650 4$aPsicologia cognitiva.$0(OLS)http://pul/subject/10140 830 0$aCollana di psicologia clinica e psicoterapia ;$v139.$0(OLS)http://pul/title/12189 850 $aPUL 852 $aPUL$W1$xSL Filosofia 1$y2$m97 S 139$j97158$nBK-PRI$b $qStampati$B97158$CPULBib$Z2$F97158 $H93175 $81 941 1 $a8 996 $6020$a8870787192$9(OLS)http://pul/number/98552 996 $6245$aLe opere della coscienza :$bpsicopatologia e psicoterapia nella prospettiva cognitivo-evoluzionista$9(OLS)http://pul/title/99114 996 $6260$aMilano :$bR. Cortina$9(OLS)http://pul/publisher/52064